Štruktúra a vlastnosti materiálov 2 : Fyzika dielektrík /

Saved in:
Bibliographic Details
Main Author: Poljak, František (Author)
Format: Book
Language:Slovak
Published: Bratislava : SVŠT v Bratislave, 1988
Edition:1.vyd.
Tags: Add Tag
No Tags, Be the first to tag this record!

MARC

LEADER 00000nam a22000003a 4500
001 stu5897
005 20150617225807.7
008 940516s1988----cs------------------slo-d
040 |a STU  |b slo 
041 0 |a slo 
044 |a cs 
080 |a 621.315.61(075.8) 
100 1 |a Poljak, František  |4 aut 
245 1 |a Štruktúra a vlastnosti materiálov 2 :  |b Fyzika dielektrík /  |c [aut.] Poljak,František 
250 |a 1.vyd. 
260 |a Bratislava :  |b SVŠT v Bratislave,  |c 1988 
300 |a 131 s 
996 |b 284ES10011  |c E*S-28891  |l EE01  |s A  |a 24  |w stu5897_0004 
996 |b 284ES10006  |c E*S-28892  |l EE01  |s A  |a 24  |w stu5897_0005 
996 |b 284ES10007  |c E*S-28894  |l EE01  |s A  |a 24  |w stu5897_0007 
996 |b 284ES10014  |c E*S-28896  |l EE01  |s A  |a 24  |w stu5897_0008 
996 |b 284ES10009  |c E*S-28899  |l EE01  |s A  |a 24  |w stu5897_0010 
996 |b 284ES10004  |c E*S-28901  |l EE01  |s A  |a 24  |w stu5897_0012 
996 |b 284ES10005  |c E*S-28885  |l EE01  |s A  |a 24  |w stu5897_0013 
996 |b 284ES10003  |c E*S-34905  |l EE01  |s A  |a 24  |w stu5897_0015 
996 |b 284EK08884  |c E*66177  |l EE0105  |s P  |a 0  |w stu5897_0016 
996 |b 284ES10017  |c E*S-28895  |l EE01  |s A  |a 24  |w stu5897_0017 
996 |b 284ES10016  |c E*S-34904  |l EE01  |s A  |a 24  |w stu5897_0018